Bourne supremacy (Record no. 476253)
[ view plain ]
| 000 -LEADER | |
|---|---|
| fixed length control field | 00445nam a2200157Ia 4500 |
| 003 - CONTROL NUMBER IDENTIFIER | |
| control field | 3228 |
| 005 - DATE AND TIME OF LATEST TRANSACTION | |
| control field | 20250819132532.0 |
| 008 - FIXED-LENGTH DATA ELEMENTS--GENERAL INFORMATION | |
| fixed length control field | 210818s9999 xx 000 0 und d |
| 020 ## - INTERNATIONAL STANDARD BOOK NUMBER | |
| International Standard Book Number | 0862201888 |
| 040 ## - CATALOGING SOURCE | |
| Transcribing agency | 3228 |
| 100 ## - MAIN ENTRY--PERSONAL NAME | |
| Personal name | LUDLUM, Robert Bath, 1987 |
| 9 (RLIN) | 10410 |
| 245 #0 - TITLE STATEMENT | |
| Title | Bourne supremacy |
| 260 ## - PUBLICATION, DISTRIBUTION, ETC. | |
| Name of publisher, distributor, etc. | Grafton Books, Collins Publishing Group, ed Chivers Press, |
| Date of publication, distribution, etc. | 1986. |
| 300 ## - PHYSICAL DESCRIPTION | |
| Extent | 917 Pages |
| Other physical details | Illustration |
| Dimensions | 21 CM |
| 942 ## - ADDED ENTRY ELEMENTS | |
| item type | Books |
| Source of classification or shelving scheme | Dewey Decimal Classification |
| -- | 282 |
| -- | Emmerencia Nonyane |
| Withdrawn status | Lost status | Damaged status | Not for loan | Home library | Current library | Date acquired | Cost, normal purchase price | Total Checkouts | Barcode | Date last seen | Price effective from | item type |
|---|---|---|---|---|---|---|---|---|---|---|---|---|
| Sabie Public Library (Closed for renovations) | Sabie Public Library (Closed for renovations) | 23.08.2021 | 240.00 | 33228013153653 | 07.08.2025 | 23.08.2021 | Books |